Together with AIEEE mathematics solution / (Record no. 44497)

MARC details
000 -LEADER
fixed length control field 00771nam a22002297a 4500
005 - DATE AND TIME OF LATEST TRANSACTION
control field 20100908140750.0
008 - FIXED-LENGTH DATA ELEMENTS--GENERAL INFORMATION
fixed length control field 100908t xxu||||| |||| 00| 0 eng d
010 ## - LCCN (DPL NO)
LC control number ENG-101453
020 ## - INTERNATIONAL STANDARD BOOK NUMBER
International Standard Book Number 9788181373663
Terms of availability 296.00
020 ## - INTERNATIONAL STANDARD BOOK NUMBER
International Standard Book Number 8181373669
Terms of availability 296.00
035 ## - SYSTEM CONTROL NUMBER
System control number EN-84986
037 ## - SOURCE OF ACQUISITION
Source of stock number/acquisition DBAD/PUB
040 ## - CATALOGING SOURCE
Original cataloging agency dpl
Language of cataloging Eng
082 ## - DEWEY DECIMAL CLASSIFICATION NUMBER
Classification number 510
100 ## - MAIN ENTRY--PERSONAL NAME
Personal name Majeed,A.
9 (RLIN) 18925
245 ## - TITLE STATEMENT
Title Together with AIEEE mathematics solution /
Statement of responsibility, etc by A. Majeed
260 ## - PUBLICATION, DISTRIBUTION, ETC. (IMPRINT)
Place of publication, distribution, etc New Delhi
Name of publisher, distributor, etc Rachna Sagar
Date of publication, distribution, etc 2009
270 ## - ADDRESS
Address 79, Kedarnath Marg,Opp. Ansari Market,Daryaganj
City New Delhi
Postal code 110002
300 6# - PHYSICAL DESCRIPTION
Extent 611p.
Dimensions 27cm (pbk)
942 ## - ADDED ENTRY ELEMENTS (KOHA)
Source of classification or shelving scheme Dewey Decimal Classification
Item type English Books
Classification part 510
Call number suffix MAJ
Holdings
Withdrawn status Lost status Source of classification or shelving scheme Damaged status Not for loan Collection code Home library Current library Date acquired Source of acquisition Cost, normal purchase price Total Checkouts Full call number Barcode Date last seen Copy number Cost, replacement price Koha item type
    Dewey Decimal Classification   Not For Loan Non-fiction D.B.Act.Division D.B.Act.Division 08/09/2010 DBAD/PUB 296.00   510 MAJ EN-84986 08/09/2010 1 296.00 English Books

© Delhi Public Library
Hit Counter
free hit counter